000
00328nam a22001457a 4500
008
230913b ||||| |||| 00| 0 eng d
020
_a
9780716750499
041
_a
eng
080
_a
521
082
_a
521GRA
100
_a
19
101
_a
ASTRO
245
_a
ATMOSPHERE ,CLIMATE .AND CHANGE
_c
GRAEDEL.E.TH
942
_2
udc
_c
BK
999
_c
60371
_d
60371